| 000 -CABECERA |
| campo de control de longitud fija |
00810nam a2200241 a 4500 |
| 001 - NÚMERO DE CONTROL |
| campo de control |
000003663 |
| 005 - FECHA Y HORA DE LA ÚLTIMA TRANSACCIÓN |
| campo de control |
20200120221815.0 |
| 008 - DATOS DE LONGITUD FIJA--INFORMACIÓN GENERAL |
| campo de control de longitud fija |
990301s1996 col gr 0 000 d |
| 020 ## - NÚMERO INTERNACIONAL ESTÁNDAR DEL LIBRO |
| Número Internacional Estándar del Libro |
9789583003271 |
| 090 ## - LOCALMENTE ASIGNADO TIPO-LC NÚMERO DE CLASIFICACIÓN (OCLC); NÚMERO DE CLASIFICACIÓN LOCAL (RLIN) |
| Número de clasificación (OCLC) (R) ; Numero de clasificación, CALL (RLIN) (NR) |
C |
| Número cutter local (OCLC) ; Número de libro/Signatura topográfica íntegra, CALL (RLIN) |
GRIj |
| 100 0# - ENTRADA PRINCIPAL--NOMBRE DE PERSONA |
| Nombre de persona |
Grimm, Jacob y Wilhelm |
| 245 10 - MENCIÓN DE TÍTULO |
| Título |
Los músicos de Brema y otros cuentos / |
| Mención de responsabilidad, etc. |
Jacob y Wilhelm Grimm ; Selección Martin Moreno; trad. José Muñoz; ilus. Elvira Carmen Vargas. |
| 260 ## - PUBLICACIÓN, DISTRIBUCIÓN, ETC. |
| Lugar de publicación, distribución, etc. |
Santafé de Bogotá : |
| Nombre del editor, distribuidor, etc. |
Panamericana, |
| Fecha de publicación, distribución, etc. |
1996. |
| 300 ## - DESCRIPCIÓN FÍSICA |
| Extensión |
168p. |
| 490 #0 - MENCIÓN DE SERIE |
| Mención de serie |
Cajón de cuentos |
| 650 14 - PUNTO DE ACCESO ADICIONAL DE MATERIA--TÉRMINO DE MATERIA |
| Término de materia o nombre geográfico como elemento de entrada |
Cuentos infantiles alemanes |
| 650 14 - PUNTO DE ACCESO ADICIONAL DE MATERIA--TÉRMINO DE MATERIA |
| Término de materia o nombre geográfico como elemento de entrada |
Literatura alemana |
| 650 14 - PUNTO DE ACCESO ADICIONAL DE MATERIA--TÉRMINO DE MATERIA |
| Término de materia o nombre geográfico como elemento de entrada |
Literatura infantil |
| 700 1# - PUNTO DE ACCESO ADICIONAL--NOMBRE DE PERSONA |
| Nombre de persona |
Muñoz, José |
| Término indicativo de función/relación |
traductor |
| 700 1# - PUNTO DE ACCESO ADICIONAL--NOMBRE DE PERSONA |
| Nombre de persona |
Vargas, Elvira Carmen |
| Término indicativo de función/relación |
ilustrador. |
| 700 1# - PUNTO DE ACCESO ADICIONAL--NOMBRE DE PERSONA |
| Nombre de persona |
Grimm, Wilhelm |
| Término indicativo de función/relación |
coautor |
| 700 1# - PUNTO DE ACCESO ADICIONAL--NOMBRE DE PERSONA |
| Nombre de persona |
Moreno, Martín |
| Término indicativo de función/relación |
selección |